| 000 | 00549nam a22001937a 4500 | ||
|---|---|---|---|
| 003 | MPLRDC | ||
| 005 | 20220104154926.0 | ||
| 008 | 210129b ||||| |||| 00| 0 eng d | ||
| 020 | _a978-957-33-3008-0 | ||
| 082 | _a874.57 KIN-6 v.3 | ||
| 100 | _aSTEPHEN KING | ||
| 245 |
_a末日逼近 (下) _c陈荣彬 译 |
||
| 250 | _a初版 | ||
| 260 |
_a台湾 _b皇冠文化出版有限公司 _c2013 |
||
| 300 | _b455 | ||
| 490 | _a皇冠丛书: 第4330种; 史蒂芬金选: 026 | ||
| 650 | _a美国文学--长篇小说 | ||
| 942 |
_cBK _o874.57 KIN-6 v.3 |
||
| 999 |
_c54225 _d54215 |
||